Groups of colourful things - Statistics

General Stats
  • This quiz has been taken 142 times
  • The average score is 52 of 57
Answer Stats
Colour % Correct
Red
100%
Red
100%
Red
100%
Red
100%
Red
100%
Red
100%
Blue
99%
Blue
99%
Blue
99%
Blue
99%
Blue
99%
Blue
99%
Dark Blue
99%
Gold
99%
Green
99%
Green
99%
Green
99%
Green
99%
Green
99%
Green
99%
Light Blue
99%
Orange
99%
Orange
99%
Orange
99%
Orange
99%
Orange
99%
Yellow
99%
Yellow
99%
Yellow
99%
Yellow
99%
Yellow
99%
Yellow
99%
Black
97%
Black
97%
Black
97%
Black
97%
Purple
95%
Purple
95%
White
95%
White
95%
White
95%
Pink
93%
Pink
93%
Pink
93%
Pink
93%
Brown
90%
Brown
90%
Brown
90%
Brown
90%
Violet
90%
Violet
90%
Indigo
85%
Grey
73%
Turquoise
20%
Blonde
11%
Rose
6%
Saffron
3%
No matching quizzes found
Score Distribution
Percent of People with Each Score
Percentile by Number Answered
Your Score History
You have not taken this quiz